Регионална библиотека "Любен Каравелов" - Русе

Мeждународна закрила на изобретенията - процедура РСТ (Запис номер 11531)

MARC детайли
000 -Лидер
Контролно поле с фиксирана дължина 01950nam a2200373 c 4500
003 - Код на организацията, давaща контролен номер
Контролно поле BLK
005 - Дата и час на последна редакция
Контролно поле 20180420214646.0
008 - Елементи от данни с фиксирана дължина
fixed length control field 180412b bul|||||r ||||||| ||bul||
010 ## - Наследен системен номер
LC control number KNG00013079000
020 ## - Международен стандартен номер на книга ISBN
Международен стандартен номер на книга ISBN 954-8492-25-3
-- издат.: Информа Интелект
040 ## - Източник на каталожния запис
Идентификатор на билиотеката - собственик на записа BLK
041 ## - Код за език
Код за езика на текст/звукозапис или на отделно заглавие Български
Код за езика КДБФ Български
080 ## - УДК
Текстов определител УДК Патентно право и право на запазена (търг.) марка. Регистрация на промишлени образци, проекти, наименования на фирми. Индустриална собственост (промишлена, научна)
УДК код - определител по УДК 347.77
УДК определител
УДК - код + определител 347.77
080 ## - УДК
Текстов определител УДК Изобретения и открития. Изобретателство. Рационализации. Патенти. Промишлени образци. Вж и 347.77
УДК код - определител по УДК 001.894
УДК определител
УДК - код + определител 001.894
100 1# - Редна дума - Автор
Автор Лекова, Татяна
Авторска отговорност първи автор
R(LIN) 256589
139 ## - Редно поле
Редна дума Мeждународна закрила на изобретенията - процедура РСТ
Авторски знак Мед - М 45
245 10 - Сведения за заглавието
Заглавие Мeждународна закрила на изобретенията - процедура РСТ
Редно поле (дума) Татяна Лекова.
257 ## - Страна на издаване
Страна на създаване/издаване България
260 ## - Област на издателските данни
-- София
Име на издателя, разпространителя и проч. Информа Интелект
Година на издаване 1996
300 ## - Физическа характеристика
Страници 175 с.
Илюстрации и др. с табл.
Размери/Мащаб 21 см
380 ## - Жанр
Жанр Обществени науки
490 1# - СЕРИИ (Колекции)
Име на серия Библиотека Интелектуална собственост
№: серия 3
500 ## - Общи забележки
Забележка Други авт.: В. Германова, Е. Табова, М. Недялкова ; 1 000 тир
650 #4 - Допълнително описание по предмет – тема
Основно описание – тема или топоним Изобретателско право
9 (RLIN) 156630
650 #4 - Допълнително описание по предмет – тема
Основно описание – тема или топоним Патентно дело - правни въпроси
9 (RLIN) 256590
653 ## - Ключова дума – ненормативна
Ключова дума изобретения
653 ## - Ключова дума – ненормативна
Ключова дума патенти
653 ## - Ключова дума – ненормативна
Ключова дума правни проблеми
852 ## - Местоположение
Форматна сигнатура Цб 189462
856 4# - Електронен адрес и достъп
Електронен формат pdf - файл
Път до файла /url/
856 4# - Електронен адрес и достъп
Електронен формат pdf - файл
Път до файла /url/
942 ## - АРТИКУЛИ
Вид на библиотечния материал Книги
Скрит в OPAC Не
944 ## - СЪЗДАВАНЕ И РЕДАКЦИЯ на ЗАПИСА
Създаване/Редакция Създаване
Дата на регистрацията/редакция 15.01.2003
Служител, извършил регистрацията/редакцията Геновева_Генчева
944 ## - СЪЗДАВАНЕ И РЕДАКЦИЯ на ЗАПИСА
Създаване/Редакция Редакция
Дата на регистрацията/редакция 01.08.2003
Служител, извършил регистрацията/редакцията
999 ## - СИСТЕМНИ КОНТРОЛНИ НОМЕРА
Koha biblionumber 11531
Koha biblioitemnumber 11531
Наличности
Код за отписване Код за изгубен артикул Източник на класификационната схема Код за повреда Коз за рестрикции Код за отдаване Артикулен № Име на библиотеката - собственик Име на библиотеката, в която се намира в момента Статус (Текущо местоположение) Дата на вписване в системата Местоположение - отдел Цена в лева Инвентарен номер Систематично азбучна сигнатура Баркод Номер на екземпляра Цена в евро Служебна бележка Служебен тип на артикула
  Не е изгубен Universal Decimal Classification Не е повреден без рестрикции ползва се в читалня 20013 Регионална библиотека "Любен Каравелов" Русе Регионална библиотека "Любен Каравелов" Русе Хранилище 2001-01-01 Хранилище 0.00 625088 Цб 189462 120000625088 1 0.00 Дост: Dp Вид: Д N: 24 Дата: 01.01.1996 Книги
Изтеглен Не е изгубен Universal Decimal Classification Не е повреден без рестрикции ползва се в читалня 20014 Регионална библиотека "Любен Каравелов" Русе Регионална библиотека "Любен Каравелов" Русе Читалня 2001-01-01 Читалня 6.60 629280 Ч 347/М 45 629280 2 3.37 Дата инв: 14.03.2017 Бележки инв: Ч2017 Книги
Vip Innovations Ltd, Rousse, Bulgaria 2025